Loading...
| Science - Chemistry | 0 | 3 | 1 | 0 | 25 | 94 | 114.00 | 1 | 2 | 0.00 | 0.00 |
| Fine Arts - Other Arts | 0 | 2 | 1 | 1 | 15 | 76 | 104.00 | 0 | 0 | 0.00 | 0.00 |
| Beliefs | 0 | 2 | 2 | 1 | 10 | 111 | 124.00 | 0 | 0 | 0.00 | 0.00 |
| Fine Arts - Classical Music and Opera | 0 | 1 | 0 | 0 | 10 | 101 | 101.00 | 0 | 0 | 0.00 | 0.00 |
| Science - Physics | 0 | 1 | 0 | 0 | 10 | 122 | 122.00 | 0 | 0 | 0.00 | 0.00 |
| Visual Arts | 0 | 1 | 0 | 0 | 10 | 118 | 118.00 | 0 | 0 | 0.00 | 0.00 |
| Literature - British | 0 | 0 | 1 | 0 | -5 | 0.00 | 0 | 0 | 0.00 | 0.00 | |
| Science - Other | 0 | 0 | 2 | 0 | -10 | 0.00 | 0 | 0 | 0.00 | 0.00 | |
| Literature - American | 0 | 0 | 2 | 0 | -10 | 0.00 | 0 | 0 | 0.00 | 0.00 |